Организация непосредственного обмена научно-технической информацией в электротехнической и приборостроительной промышленности

Bibliografske podrobnosti
Glavni avtor: Карасик Л. И.
Korporativna značnica: Азербайджанское научно-техническое общество энергетической промышленности
Drugi avtorji: Перцов В. А.
Izvleček:Исключено из фонда НТБ ТПУ
Jezik:ruščina
Izdano: Баку, [Б. и.], 1963
Format: MixedMaterials Knjiga
KOHA link:https://koha.lib.tpu.ru/cgi-bin/koha/opac-detail.pl?biblionumber=155972

MARC

LEADER 00000nam0a2200000 4500
001 155972
005 20231101221856.0
035 |a (RuTPU)RU\TPU\book\169161 
090 |a 155972 
100 |a 20090320d1963 m y0rusy50 ca 
101 0 |a rus 
102 |a AZ 
105 |a y z 000zy 
200 1 |a Организация непосредственного обмена научно-технической информацией в электротехнической и приборостроительной промышленности  |f Л. И. Карасик, В. А. Перцов  |g Азербайджанское научно-техническое общество энергетической промышленности 
210 |a Баку  |c [Б. и.]  |d 1963 
215 |a 36 с. 
333 |a Исключено из фонда НТБ ТПУ 
700 1 |a Карасик  |b Л. И. 
701 1 |a Перцов  |b В. А. 
712 0 2 |a Азербайджанское научно-техническое общество энергетической промышленности  |9 26200 
801 1 |a RU  |b 63413507  |c 20090320  |g PSBO 
801 2 |a RU  |b 63413507  |c 20201124  |g RCR 
942 |c BK